The Moment I Knew-Taylor Swift Lyrics - Statistics

General Stats
  • This quiz has been taken 422 times
  • The average score is 255 of 332
Answer Stats
Answer % Correct
the
98%
You
98%
you
98%
i
97%
I
97%
be
95%
there
94%
do
93%
that
93%
by
92%
a
90%
been
90%
Should’ve
89%
should’ve
89%
With
88%
with
88%
i’m
87%
Im
87%
I’m
87%
and
86%
And
86%
door
86%
he
85%
it
85%
knew
84%
Knew
84%
moment
84%
was
84%
in
83%
to
83%
who
83%
here
81%
on
81%
so
81%
So
81%
through
81%
like
79%
Like
79%
one
79%
happy
78%
my
78%
But
77%
me
77%
Me
77%
no
77%
when
77%
is
75%
said
75%
Said
75%
dress
74%
lipstick
74%
missing
74%
party
74%
red
74%
Red
74%
standing
74%
thing
74%
What
74%
what
74%
would’ve
74%
all
73%
they
73%
your
73%
birthday
72%
know
72%
say
72%
slow
72%
motion
71%
didnt
70%
impress
70%
most
70%
show
70%
means
69%
singing
69%
As
68%
as
68%
you’d
68%
are
67%
down
67%
felt
67%
for
67%
of
67%
they’re
67%
around
65%
just
65%
too
65%
everyone
64%
tears
64%
walk
64%
face
63%
friends
63%
front
63%
million
63%
Sorry
63%
sorry
63%
ask
62%
He’d
62%
I’ve
62%
laughing
62%
Laughing
62%
waiting
62%
how
61%
streaming
61%
eye
60%
not
60%
little
59%
room
59%
stars
59%
Called
58%
make
58%
bathroom
57%
looking
57%
seem
57%
time
57%
try
57%
always
56%
fall
55%
Later
55%
about
54%
apart
54%
Had
54%
hall
54%
pass
54%
Wrong
54%
asking
53%
Christmas
53%
hours
53%
lights
53%
burst
52%
close
52%
feeling
52%
follow
52%
got
52%
starts
52%
ticking
52%
alone
51%
People
51%
wanna
51%
theres
50%
back
49%
memory
49%
sinking
49%
alligned
48%
Really
48%
glisten
47%
hopelessly
43%
now
41%
comb
37%
doesn’t
28%
Ooh
27%
No matching quizzes found
Score Distribution
Percent of People with Each Score
Percentile by Number Answered
Your Score History
You have not taken this quiz